<?xml version="1.0" encoding="utf-8"?>
<?xml-stylesheet type='text/xsl' href='./oai2.xsl'?>
<OAI-PMH xmlns="http://www.openarchives.org/OAI/2.0/" xmlns:xsi="http://www.w3.org/2001/XMLSchema-instance" xsi:schemaLocation="http://www.openarchives.org/OAI/2.0/ http://www.openarchives.org/OAI/2.0/OAI-PMH.xsd">
  <responseDate>2026-06-05T07:50:18Z</responseDate>
  <request verb="GetRecord" metadataPrefix="marcxml" identifier="record_kuniweb_21833">https://kulturerbe.niedersachsen.de/oai</request>
  <GetRecord>
    <record>
      <header>
        <identifier>record_kuniweb_21833</identifier>
        <datestamp>2015-10-26T09:02:02Z</datestamp>
        <setSpec>slg0103</setSpec>
      </header>
      <metadata>
        <marc:record xmlns:marc="http://www.loc.gov/MARC21/slim" xsi:schemaLocation="http://www.loc.gov/MARC21/slim http://www.loc.gov/standards/marcxml/schema/MARC21slim.xsd">
          <marc:leader>12345nem  22     uu 4500</marc:leader>
          <marc:controlfield tag="001">21833</marc:controlfield>
          <marc:controlfield tag="003">http://kuniweb.gbv.de</marc:controlfield>
          <marc:controlfield tag="005">2015-10-26T09:36:15</marc:controlfield>
          <marc:controlfield tag="008">|           ||||||||||||||||||||||</marc:controlfield>
          <marc:datafield tag="245" ind1="1" ind2="0">
            <marc:subfield code="a">Geographische Karte der Länder zwischen Elbe und Weser auch Trave und Hunte, besonders der vormaligen Churfürstlich- und Herzoglich- Braunschweig-Lüneburgischen Lande, nach ihrer gegenwärtigen Vertheilung zwischen dem Kaiserthume Frankreich und dem Königreiche Westphalen: enthaltend die Französischen Departements der Elb-Mündung ganz, und der Weser-Mündung auch Ober-Ems zum Theil, ferner die Westphälischen Departements der Aller, Oker und Leine völlig, des Harzes fast ganz, auch die der Elbe und Saale zum Theil, desgleichen die Fürstenthümer Lippe-Detmold und Lippe-Bückeburg, wie auch die Grafschaft Pyrmont</marc:subfield>
          </marc:datafield>
          <marc:datafield tag="700" ind1="1" ind2=" ">
            <marc:subfield code="a">Heiliger</marc:subfield>
            <marc:subfield code="d">* 23.05.1762 † 27.02.1828</marc:subfield>
            <marc:subfield code="e">Zeichner</marc:subfield>
          </marc:datafield>
          <marc:datafield tag="700" ind1="1" ind2=" ">
            <marc:subfield code="a">Salzenberg</marc:subfield>
            <marc:subfield code="d">* 1763</marc:subfield>
            <marc:subfield code="e">Kupferstecher</marc:subfield>
          </marc:datafield>
          <marc:datafield tag="700" ind1="1" ind2=" ">
            <marc:subfield code="a">Hogreve</marc:subfield>
            <marc:subfield code="d">* 1737 † 1814</marc:subfield>
            <marc:subfield code="e">Zeichner</marc:subfield>
          </marc:datafield>
          <marc:datafield tag="655" ind1=" " ind2="7">
            <marc:subfield code="a">Karten</marc:subfield>
          </marc:datafield>
          <marc:datafield tag="046" ind1=" " ind2=" ">
            <marc:subfield code="k">1812</marc:subfield>
            <marc:subfield code="k">Karte datiert 1812</marc:subfield>
          </marc:datafield>
          <marc:datafield tag="260" ind1=" " ind2=" ">
            <marc:subfield code="g">1812</marc:subfield>
            <marc:subfield code="g">Karte datiert 1812</marc:subfield>
          </marc:datafield>
          <marc:datafield tag="300" ind1=" " ind2=" ">
            <marc:subfield code="a">Höhe: 153,5 cm
Breite: 127 cm (zusammengesetzt )</marc:subfield>
          </marc:datafield>
          <marc:datafield tag="520" ind1=" " ind2=" ">
            <marc:subfield code="a">Maßstäbe (in cm): 5 geographische Meilen zu 15 auf einen Grad des Meridians = 18,8 – 4 Miriametres zu 10 auf einen neuen Grad des Meridians = 20,3 – 8 französische Meilen zu 25 auf einen alten Grad des Meridians = 18,1
Ausrichtung: Norden
Rückseite: leer

Anmerkungen: 
Es handelt sich um eine Faltkarte aus 90 Teilen zu je 12,5 x 17 cm auf Leinen, in drei horizontalen Streifen zu je drei mal zehn Teilen. An jedem Streifen Vorder- und Rückendeckel für die gefaltete Karte, auf dem Vorderdeckel Etikett mit Numerierung 1 für den Nordstreifen, 2 für den Mittelstreifen, 3 für den Südstreifen. Die Karte wurde aus topographischen Vermessungen und Karten zusammen getragen.

Veröffentlicht in:
von den Autoren 1812, Vertrieb einer sechsblättrigen Ausgabe durch die Hahnsche Hofbuchhandlung in Hannover</marc:subfield>
          </marc:datafield>
          <marc:datafield tag="650" ind1="1" ind2=" ">
            <marc:subfield code="a">Landkarte</marc:subfield>
          </marc:datafield>
          <marc:datafield tag="773" ind1="0" ind2=" ">
            <marc:subfield code="t">Sammlung Körber-Einbeck</marc:subfield>
          </marc:datafield>
          <marc:datafield tag="852" ind1=" " ind2=" ">
            <marc:subfield code="a">Institut für Historische Landesforschung der Universität Göttingen</marc:subfield>
          </marc:datafield>
          <marc:datafield tag="" ind1=" " ind2=" ">
            <marc:subfield code="a">Namensnennung-Nicht kommerziell 4.0 International (CC BY-NC 4.0))</marc:subfield>
          </marc:datafield>
        </marc:record>
      </metadata>
    </record>
  </GetRecord>
</OAI-PMH>
